Lao People's Democratic Republic : Staff Report for the 2012 Article IV Consultation.

Against the backdrop of generally sound policies and abundant natural resources, Lao P.D.R. has made impressive progress in developing its economy and reducing poverty. The key challenge going forward is to ensure that economic policy frameworks stay ahead of the curve to achieve sustainable and bro...

Full description

Bibliographic Details
Corporate Author: International Monetary Fund. Asia and Pacific Dept
Format: Journal
Language:English
Published: Washington, D.C. : International Monetary Fund, 2012.
Series:IMF Staff Country Reports; Country Report ; No. 2012/286
Online Access:Full text available on IMF
LEADER 01414cas a2200241 a 4500
001 AALejournalIMF013138
008 230101c9999 xx r poo 0 0eng d
020 |c 5.00 USD 
020 |z 9781475513196 
022 |a 1934-7685 
040 |a BD-DhAAL  |c BD-DhAAL 
110 2 |a International Monetary Fund.  |b Asia and Pacific Dept. 
245 1 0 |a Lao People's Democratic Republic :   |b Staff Report for the 2012 Article IV Consultation. 
264 1 |a Washington, D.C. :  |b International Monetary Fund,  |c 2012. 
300 |a 1 online resource (64 pages) 
490 1 |a IMF Staff Country Reports 
500 |a <strong>Off-Campus Access:</strong> No User ID or Password Required 
500 |a <strong>On-Campus Access:</strong> No User ID or Password Required 
506 |a Electronic access restricted to authorized BRAC University faculty, staff and students 
520 3 |a Against the backdrop of generally sound policies and abundant natural resources, Lao P.D.R. has made impressive progress in developing its economy and reducing poverty. The key challenge going forward is to ensure that economic policy frameworks stay ahead of the curve to achieve sustainable and broad-based growth. 
538 |a Mode of access: Internet 
830 0 |a IMF Staff Country Reports; Country Report ;  |v No. 2012/286 
856 4 0 |z Full text available on IMF  |u http://elibrary.imf.org/view/journals/002/2012/286/002.2012.issue-286-en.xml  |z IMF e-Library